[Event "29th NATO Chess Championship"]
[Site "Lubbock"]
[Date "2018.06.05"]
[Round "2.19"]
[White "Portman, Carl S"]
[Black "Pedersen, Finn"]
[Result "0-1"]
[WhiteElo "1886"]
[BlackElo "2302"]
[PlyCount "112"]
[EventDate "2018.06.04"]
[EventType "swiss"]
[EventRounds "7"]
[EventCountry "USA"]
[SourceVersion "1"]
[SourceVersionDate "2018.06.14"]
[SourceQuality "1"]

1. e4 c6 2. Nc3 d5 3. Qf3 dxe4 4. Nxe4 Nd7 5. Bc4 Ne5 6. Qe2 Nxc4 7. Qxc4 Qd5
8. Qxd5 cxd5 9. Nc3 e6 10. Nb5 Kd8 11. Nf3 Bd7 12. Nc3 Bd6 13. d4 Ne7 14. Ne2
Ng6 15. O-O Ke7 16. Re1 Rhc8 17. c3 Bb5 18. Ng3 Kf8 19. Bd2 h6 20. Rad1 Rc7 21.
Nh5 Re7 22. g3 f6 23. Nf4 Kf7 24. Nxg6 Kxg6 25. Re3 Kf7 26. h3 a5 27. a3 Ba4
28. Rc1 Bb3 29. Ne1 e5 30. Kg2 e4 31. f3 f5 32. fxe4 fxe4 33. Re2 Kg8 34. Nc2
Rf7 35. Ne3 Rf3 36. Be1 b5 37. Nf1 Raf8 38. Nd2 Bc4 39. Nxc4 bxc4 40. Rcc2 e3
41. Rc1 a4 42. Rcc2 g5 43. Rc1 h5 44. Rcc2 g4 45. h4 Kg7 46. Rc1 Kg6 47. Rcc2
Kf5 48. Rc1 Ke4 49. Rd1 R8f7 50. Kh2 Rf1 51. Kg2 R7f6 52. Rc2 R6f3 53. Rcc1 e2
54. Rd2 Ke3 55. Rdc2 Rxe1 56. Rxe1 Rf2+ 0-1

[Event "29th NATO Chess Championship"]
[Site "Lubbock"]
[Date "2018.06.05"]
[Round "2.20"]
[White "Peraino, Andrew"]
[Black "Everett, Elijah"]
[Result "0-1"]
[WhiteElo "2217"]
[BlackElo "1868"]
[PlyCount "120"]
[EventDate "2018.06.04"]
[EventType "swiss"]
[EventRounds "7"]
[EventCountry "USA"]
[SourceVersion "1"]
[SourceVersionDate "2018.06.14"]
[SourceQuality "1"]

1. e4 c5 2. Nf3 Nf6 3. Nc3 d6 4. d4 cxd4 5. Nxd4 a6 6. f3 e5 7. Nb3 Be7 8. Be3
Be6 9. Qd2 O-O 10. Bd3 Nbd7 11. Qf2 b5 12. O-O Qc7 13. Rfd1 h6 14. a3 Rfb8 15.
Qe1 Nb6 16. Nd2 Nc4 17. Bxc4 bxc4 18. Rab1 Rb7 19. Nf1 Qc6 20. Qd2 Rab8 21. Nd5
Bxd5 22. exd5 Qa4 23. Bxh6 gxh6 24. Qxh6 Qxc2 25. Ne3 Qh7 26. Qxh7+ Kxh7 27.
Nxc4 Rb5 28. Rd2 Rxd5 29. Rxd5 Nxd5 30. Rd1 Nb6 31. Ne3 Bg5 32. Nf5 Nc4 33. b4
Ne3 34. Nxe3 Bxe3+ 35. Kf1 Bd4 36. Ke2 Rc8 37. Rd2 Rc3 38. Ra2 f5 39. g3 Re3+
40. Kd2 Rxf3 41. Rc2 Rf2+ 42. Kd1 Rxc2 43. Kxc2 e4 44. a4 d5 45. Kd2 Bg1 46. h3
Bh2 47. g4 fxg4 48. hxg4 d4 49. b5 axb5 50. a5 Bf4+ 51. Kd1 d3 52. a6 Be3 53.
g5 b4 54. a7 Bxa7 55. Kd2 Kg6 56. Kc1 e3 57. Kd1 b3 58. Kc1 Bd4 59. Kb1 e2 60.
Kc1 e1=Q# 0-1

[Event "29th NATO Chess Championship"]
[Site "Lubbock"]
[Date "2018.06.05"]
[Round "2.21"]
[White "Mouroutis, Konstantinos"]
[Black "Van den Heuvel, Tonnie"]
[Result "1-0"]
[WhiteElo "2205"]
[BlackElo "1832"]
[PlyCount "37"]
[EventDate "2018.06.04"]
[EventType "swiss"]
[EventRounds "7"]
[EventCountry "USA"]
[SourceVersion "1"]
[SourceVersionDate "2018.06.14"]
[SourceQuality "1"]

1. d4 b6 2. e4 Bb7 3. Bd3 e6 4. Nf3 Nf6 5. Qe2 c5 6. c3 cxd4 7. cxd4 Nc6 8. a3
Na5 9. Bg5 Nb3 10. Ra2 Qc8 11. Nc3 h6 12. Be3 g5 13. O-O Be7 14. Ne5 d6 15. Nf3
O-O 16. h4 g4 17. Nd2 Nxd2 18. Qxd2 h5 19. Bh6 1-0

[Event "29th NATO Chess Championship"]
[Site "Lubbock"]
[Date "2018.06.05"]
[Round "2.22"]
[White "Simard, Francois"]
[Black "Werksma, Arie"]
[Result "0-1"]
[WhiteElo "1821"]
[BlackElo "2199"]
[PlyCount "82"]
[EventDate "2018.06.04"]
[EventType "swiss"]
[EventRounds "7"]
[EventCountry "USA"]
[SourceVersion "1"]
[SourceVersionDate "2018.06.14"]
[SourceQuality "1"]

1. d4 Nf6 2. c4 e6 3. Nc3 Bb4 4. Qc2 Nc6 5. Nf3 d5 6. cxd5 exd5 7. Bg5 h6 8.
Bxf6 Qxf6 9. e3 O-O 10. Be2 Rd8 11. O-O Ne7 12. Rac1 c6 13. Na4 Bd6 14. Nc5 b6
15. Nd3 Bf5 16. Qc3 Rac8 17. Nde5 c5 18. dxc5 bxc5 19. Bd3 Be6 20. Bb1 d4 21.
exd4 Nd5 22. Qd2 Nf4 23. Rfe1 g5 24. Re4 cxd4 25. Rce1 d3 26. Nxd3 Nxd3 27.
Bxd3 Bf5 28. Rd4 Bxh2+ 29. Kxh2 Rxd4 30. Nxd4 Qxd4 31. Rc1 Rxc1 32. Qxc1 Bxd3
33. Qc8+ Kg7 34. b3 Bg6 35. f3 h5 36. Qc7 Qf4+ 37. Qxf4 gxf4 38. g3 fxg3+ 39.
Kxg3 Bb1 40. a3 Bc2 41. b4 Ba4 0-1

[Event "29th NATO Chess Championship"]
[Site "Lubbock"]
[Date "2018.06.05"]
[Round "2.23"]
[White "Cirkvencic, Franci"]
[Black "Stuhr, Finn"]
[Result "1-0"]
[WhiteElo "2026"]
[BlackElo "1715"]
[PlyCount "60"]
[EventDate "2018.06.04"]
[EventType "swiss"]
[EventRounds "7"]
[EventCountry "USA"]
[SourceVersion "1"]
[SourceVersionDate "2018.06.14"]
[SourceQuality "1"]

1. d4 Nf6 2. Nf3 b6 3. Bg5 e6 4. e3 Be7 5. Bd3 Bb7 6. Nbd2 d6 7. O-O h6 8. Bh4
Nd5 9. Bxe7 Qxe7 10. c4 Nb4 11. Qa4+ N8c6 12. Bb1 O-O-O 13. a3 Na6 14. b4 Qe8
15. Bd3 Ne7 16. Qc2 c6 17. Rfc1 Kb8 18. Nb3 f6 19. c5 dxc5 20. bxc5 b5 21. Na5
Ba8 22. Rab1 Nc7 23. a4 a6 24. axb5 axb5 25. Nc4 Nc8 26. Qa2 Bb7 27. Na5 Qd7
28. Nd2 Ba6 29. Nac4 Qd5 30. Qc2 Ka7 1-0

[Event "29th NATO Chess Championship"]
[Site "Lubbock"]
[Date "2018.06.05"]
[Round "2.24"]
[White "Smit, Jan"]
[Black "Wells, Daniel J"]
[Result "0-1"]
[WhiteElo "1850"]
[BlackElo "2014"]
[PlyCount "71"]
[EventDate "2018.06.04"]
[EventType "swiss"]
[EventRounds "7"]
[EventCountry "USA"]
[SourceVersion "1"]
[SourceVersionDate "2018.06.14"]
[SourceQuality "1"]

1. d4 Nf6 2. Nf3 g6 3. Bg5 Bg7 4. e3 O-O 5. Nbd2 d6 6. c3 Nbd7 7. Bc4 h6 8. Bh4
c6 9. a4 Qc7 10. Bg3 Nh5 11. Qc2 Nxg3 12. hxg3 d5 13. Bd3 e5 14. dxe5 Nxe5 15.
Be2 Bd7 16. O-O-O Qd6 17. Nh4 Qe7 18. Ndf3 a6 19. Nxe5 Qxe5 20. Bd3 Qf6 21. f4
b5 22. e4 dxe4 23. Bxe4 Bg4 24. Bf3 Bxf3 25. Nxf3 Rfd8 26. Rxd8+ Rxd8 27. Rd1
Rxd1+ 28. Kxd1 Qe6 29. axb5 axb5 30. b4 Qc4 31. Kd2 c5 32. bxc5 Qxc5 33. Qd3
Qf2+ 34. Qe2 Bxc3+ 35. Kd3 Qxe2+ 36. Kxe2 0-1

[Event "29th NATO Chess Championship"]
[Site "Lubbock"]
[Date "2018.06.05"]
[Round "2.26"]
[White "Farrell, John F"]
[Black "Hendy, Jerry"]
[Result "1/2-1/2"]
[WhiteElo "2008"]
[BlackElo "1639"]
[PlyCount "101"]
[EventDate "2018.06.04"]
[EventType "swiss"]
[EventRounds "7"]
[EventCountry "USA"]
[SourceVersion "1"]
[SourceVersionDate "2018.06.14"]
[SourceQuality "1"]

1. c4 e6 2. Nf3 b6 3. g3 Bb7 4. Bg2 f5 5. Nc3 Nf6 6. d4 Bb4 7. O-O Bxc3 8. bxc3
Qe7 9. Qb3 Nc6 10. Ba3 d6 11. Ne5 Na5 12. Qa4+ Kf8 13. Bxb7 Nxb7 14. Qc6 Rb8
15. Qf3 Na5 16. Bb4 c5 17. dxc5 bxc5 18. Bxa5 dxe5 19. Rab1 Kf7 20. Qc6 Rhc8
21. Qa6 Qd7 22. Rfd1 Qa4 23. Rb7+ Kg6 24. Rdb1 Rc6 25. Qxa7 Rxb7 26. Qxb7 Rd6
27. Bc7 Rd1+ 28. Kg2 Rxb1 29. Qxb1 Qc6+ 30. f3 Qxc7 31. Qb5 e4 32. a4 exf3+ 33.
exf3 Qd6 34. Qb2 Nd7 35. a5 Kf6 36. Qb7 Nb8 37. h4 h5 38. Qc8 Na6 39. Qb7 Qd2+
40. Kg1 Qe1+ 41. Kg2 Qe2+ 42. Kg1 Qxc4 43. Qc8 Qb5 44. Qf8+ Kg6 45. Qd8 Qb1+
46. Kf2 Qc2+ 47. Kf1 Qxc3 48. Qe8+ Kh6 49. Qh8+ Kg6 50. Qe8+ Kf6 51. Qf8+
1/2-1/2

[Event "29th NATO Chess Championship"]
[Site "Lubbock"]
[Date "2018.06.05"]
[Round "2.27"]
[White "Papler, Peter"]
[Black "Tucker, David Sidney"]
[Result "1/2-1/2"]
[WhiteElo "1646"]
[BlackElo "1997"]
[PlyCount "40"]
[EventDate "2018.06.04"]
[EventType "swiss"]
[EventRounds "7"]
[EventCountry "USA"]
[SourceVersion "1"]
[SourceVersionDate "2018.06.14"]
[SourceQuality "1"]

1. d4 c5 2. e3 Nf6 3. Nf3 e6 4. Nbd2 Nc6 5. c3 d5 6. Bd3 Bd6 7. O-O O-O 8. Re1
Qc7 9. e4 cxd4 10. cxd4 e5 11. dxe5 Nxe5 12. Nxe5 Bxe5 13. Nf3 Bg4 14. h3 Bxf3
15. Qxf3 dxe4 16. Bxe4 Nxe4 17. Rxe4 Rac8 18. Bf4 Bxf4 19. Rxf4 Qb6 20. b3 Qc6
1/2-1/2

[Event "29th NATO Chess Championship"]
[Site "Lubbock"]
[Date "2018.06.05"]
[Round "2.28"]
[White "Langer, Herb"]
[Black "Pirs, Matjaz2"]
[Result "0-1"]
[WhiteElo "1757"]
[BlackElo "1983"]
[PlyCount "94"]
[EventDate "2018.06.04"]
[EventType "swiss"]
[EventRounds "7"]
[EventCountry "USA"]
[SourceVersion "1"]
[SourceVersionDate "2018.06.14"]
[SourceQuality "1"]

1. c4 f5 2. g3 Nf6 3. Bg2 g6 4. Nc3 Bg7 5. e3 O-O 6. Nge2 d6 7. h4 e5 8. d4 c6
9. Bd2 Qe7 10. d5 c5 11. e4 a6 12. a4 Nbd7 13. a5 Qf7 14. O-O fxe4 15. Nxe4
Nxe4 16. Bxe4 b5 17. axb6 Nxb6 18. b3 Bh3 19. Bg2 Bxg2 20. Kxg2 Qf3+ 21. Kg1 e4
22. Rb1 Nd7 23. Nf4 Ne5 24. Be3 Rfb8 25. Ne6 Qf5 26. Kg2 Rb6 27. Qc2 Qf3+ 28.
Kg1 Qg4 29. Ng5 Nf3+ 30. Kh1 Re8 31. b4 Rxb4 32. Rxb4 cxb4 33. Qa4 Rf8 34. Qxb4
h6 35. Nxf3 exf3 36. Kh2 Be5 37. Rh1 h5 38. Qb1 Rf7 39. Bg5 Kg7 40. Qd3 a5 41.
Re1 Qd4 42. Qc2 Rb7 43. Re4 Qa1 44. Bc1 Rb2 45. Qd1 Rxf2+ 46. Kg1 Rg2+ 47. Kf1
Qc3 0-1

[Event "29th NATO Chess Championship"]
[Site "Lubbock"]
[Date "2018.06.05"]
[Round "2.29"]
[White "Duren, Andrew"]
[Black "Ross, David C"]
[Result "1-0"]
[WhiteElo "1982"]
[BlackElo "1633"]
[PlyCount "47"]
[EventDate "2018.06.04"]
[EventType "swiss"]
[EventRounds "7"]
[EventCountry "USA"]
[SourceVersion "1"]
[SourceVersionDate "2018.06.14"]
[SourceQuality "1"]

1. e4 e5 2. Nf3 Nc6 3. d4 exd4 4. Bc4 Nf6 5. e5 d5 6. Bb5 Ne4 7. Nxd4 Bd7 8.
Bxc6 bxc6 9. O-O Bc5 10. f3 Ng5 11. Be3 Bb6 12. f4 Ne4 13. Nd2 f5 14. Nxe4 dxe4
15. Qe2 Qe7 16. Qc4 c5 17. Nb3 a6 18. Qd5 Rd8 19. Rfd1 c4 20. Bxb6 cxb6 21.
Qxc4 Bb5 22. Rxd8+ Kxd8 23. Rd1+ Ke8 24. Qc8+ 1-0

[Event "29th NATO Chess Championship"]
[Site "Lubbock"]
[Date "2018.06.05"]
[Round "3.1"]
[White "Graczyk, Damian"]
[Black "Helbig, Mark"]
[Result "1/2-1/2"]
[WhiteElo "2066"]
[BlackElo "2361"]
[PlyCount "112"]
[EventDate "2018.06.04"]
[EventType "swiss"]
[EventRounds "7"]
[EventCountry "USA"]
[SourceVersion "1"]
[SourceVersionDate "2018.06.14"]
[SourceQuality "1"]
[WhiteTeam "POLAND"]
[BlackTeam "GERMANY"]
[WhiteTeamCountry "POL"]
[BlackTeamCountry "GER"]

1. d4 Nf6 2. Nf3 g6 3. g3 Bg7 4. Bg2 O-O 5. O-O d6 6. c4 Nbd7 7. Nc3 e5 8. h3
Re8 9. e4 c6 10. Be3 Qa5 11. Qd2 Qa6 12. b3 b5 13. cxb5 cxb5 14. dxe5 dxe5 15.
Nd5 Nxd5 16. Qxd5 Nb6 17. Qd3 Bb7 18. Rfd1 Bc6 19. Ne1 Qb7 20. Rac1 Rac8 21. g4
Na8 22. Qc2 Bf8 23. h4 Ba3 24. Rb1 Be7 25. g5 Nc7 26. f3 Ne6 27. Bh3 Bd7 28.
Qf2 Red8 29. Nd3 Bd6 30. Bxe6 Bxe6 31. Bxa7 Qe7 32. Bb6 Rd7 33. Rbc1 Rxc1 34.
Rxc1 Kg7 35. Nc5 Bxc5 36. Qxc5 Qxc5+ 37. Rxc5 Rd1+ 38. Kf2 Rd2+ 39. Ke3 Rxa2
40. Bd8 Rb2 41. Bf6+ Kf8 42. Rxb5 Rxb3+ 43. Rxb3 Bxb3 44. Bxe5 Ke7 45. Bc3 Ke6
46. Kf4 Ba4 47. Kg4 Bc2 48. h5 Bd1 49. h6 Bc2 50. Kf4 Ba4 51. Ke3 Bd1 52. f4
Bc2 53. Kd4 Bb1 54. Bb2 Bc2 55. Bc3 Bb1 56. Bb2 Bc2 1/2-1/2

[Event "29th NATO Chess Championship"]
[Site "Lubbock"]
[Date "2018.06.05"]
[Round "3.2"]
[White "Pavlidis, Anastasios"]
[Black "Hansen, Stefan"]
[Result "1-0"]
[WhiteElo "2357"]
[BlackElo "2047"]
[PlyCount "59"]
[EventDate "2018.06.04"]
[EventType "swiss"]
[EventRounds "7"]
[EventCountry "USA"]
[SourceVersion "1"]
[SourceVersionDate "2018.06.14"]
[SourceQuality "1"]
[WhiteTeam "GREECE"]
[BlackTeam "DENMARK"]
[WhiteTeamCountry "GRE"]
[BlackTeamCountry "DEN"]

1. d4 d5 2. c4 e6 3. Nc3 c5 4. cxd5 exd5 5. Nf3 Nc6 6. dxc5 d4 7. Na4 Bxc5 8.
Nxc5 Qa5+ 9. Bd2 Qxc5 10. g3 Nge7 11. Bg2 O-O 12. O-O Re8 13. Ng5 Qb6 14. b4 h6
15. Ne4 Be6 16. a4 Rad8 17. Qb1 Nd5 18. Rc1 Bf5 19. Nf6+ Nxf6 20. Qxf5 Rxe2 21.
a5 Qc7 22. Qd3 Qe5 23. a6 Nxb4 24. Bxb4 bxa6 25. Rc5 Qe8 26. Rxa6 Ng4 27. Bf3
Re1+ 28. Bxe1 Qxe1+ 29. Qf1 Qb4 30. Rb5 1-0

[Event "29th NATO Chess Championship"]
[Site "Lubbock"]
[Date "2018.06.05"]
[Round "3.3"]
[White "Kersic, Matej"]
[Black "Bobula, Mateusz"]
[Result "1/2-1/2"]
[WhiteElo "2119"]
[BlackElo "2347"]
[PlyCount "64"]
[EventDate "2018.06.04"]
[EventType "swiss"]
[EventRounds "7"]
[EventCountry "USA"]
[SourceVersion "1"]
[SourceVersionDate "2018.06.14"]
[SourceQuality "1"]
[WhiteTeam "SLOVENIA"]
[BlackTeam "POLAND"]
[WhiteTeamCountry "SLO"]
[BlackTeamCountry "POL"]

1. e4 e6 2. d4 d5 3. Nc3 Nf6 4. Bg5 Bb4 5. e5 h6 6. Bd2 Bxc3 7. bxc3 Ne4 8. Qg4
g6 9. Bd3 Nxd2 10. Kxd2 c5 11. Nf3 Qe7 12. h4 Bd7 13. a4 Bc6 14. Qf4 Nd7 15.
Bb5 cxd4 16. Nxd4 Rc8 17. a5 Nc5 18. Bxc6+ bxc6 19. f3 Kd7 20. Rab1 g5 21. hxg5
hxg5 22. Qe3 Kc7 23. Nb3 Nxb3+ 24. cxb3 Kb8 25. b4 Rh4 26. Rxh4 gxh4 27. Rh1 c5
28. bxc5 Qxc5 29. Qxc5 Rxc5 30. Rxh4 Rxa5 31. Rh8+ Kb7 32. Rf8 Ra2+ 1/2-1/2

[Event "29th NATO Chess Championship"]
[Site "Lubbock"]
[Date "2018.06.05"]
[Round "3.4"]
[White "Andersen, Hans Christoph"]
[Black "Hernandez, Albert"]
[Result "0-1"]
[WhiteElo "2213"]
[BlackElo "1950"]
[PlyCount "92"]
[EventDate "2018.06.04"]
[EventType "swiss"]
[EventRounds "7"]
[EventCountry "USA"]
[SourceVersion "1"]
[SourceVersionDate "2018.06.14"]
[SourceQuality "1"]
[WhiteTeam "GERMANY"]
[BlackTeam "VETERANS B"]
[WhiteTeamCountry "GER"]

1. d4 d5 2. c4 c6 3. Nf3 e6 4. e3 f5 5. b3 Nf6 6. Bd3 Be7 7. O-O O-O 8. Ba3 Re8
9. Bxe7 Qxe7 10. Nc3 a6 11. Qc2 Bd7 12. Na4 b5 13. Nb6 Ra7 14. Ne5 Rb7 15. c5
Rd8 16. a4 Be8 17. axb5 axb5 18. Ra2 Qc7 19. Rfa1 Nfd7 20. Nbxd7 Nxd7 21. Nxd7
Bxd7 22. f4 g6 23. Qf2 Be8 24. Qh4 Qe7 25. Qxe7 Rxe7 26. Ra6 Kf7 27. Kf2 Rb8
28. Ra8 Rxa8 29. Rxa8 Rb7 30. Ke2 Bd7 31. Kd2 Be8 32. Kc3 Ke7 33. Kb4 Kd7 34.
Ka5 h5 35. Ka6 Rc7 36. Kb6 Rc8 37. Rxc8 Kxc8 38. b4 Bd7 39. Bxb5 cxb5 40. c6
Be8 41. h4 Kb8 42. Kxb5 Kc7 43. Kc5 Bxc6 44. b5 Bb7 45. g3 Bc8 46. b6+ Kd7 0-1

[Event "29th NATO Chess Championship"]
[Site "Lubbock"]
[Date "2018.06.05"]
[Round "3.5"]
[White "Kraft, Chip"]
[Black "Pietruszewski, Marcin"]
[Result "1/2-1/2"]
[WhiteElo "1950"]
[BlackElo "2198"]
[PlyCount "35"]
[EventDate "2018.06.04"]
[EventType "swiss"]
[EventRounds "7"]
[EventCountry "USA"]
[SourceVersion "1"]
[SourceVersionDate "2018.06.14"]
[SourceQuality "1"]
[WhiteTeam "UNITED STATES"]
[BlackTeam "POLAND"]
[WhiteTeamCountry "USA"]
[BlackTeamCountry "POL"]

1. c4 c6 2. Nf3 d5 3. g3 Nf6 4. Bg2 dxc4 5. Na3 Qd5 6. O-O Be6 7. h4 h6 8. Ng5
Qd7 9. Nxe6 Qxe6 10. Qc2 Qxe2 11. Nxc4 Nbd7 12. b4 e6 13. Ba3 Be7 14. b5 Bxa3
15. Rfe1 Qg4 16. Nxa3 O-O 17. bxc6 bxc6 18. Qxc6 1/2-1/2

[Event "29th NATO Chess Championship"]
[Site "Lubbock"]
[Date "2018.06.05"]
[Round "3.6"]
[White "Watters, Chase Miles"]
[Black "Pavlidou, Ekaterini"]
[Result "0-1"]
[WhiteElo "2175"]
[BlackElo "2157"]
[PlyCount "88"]
[EventDate "2018.06.04"]
[EventType "swiss"]
[EventRounds "7"]
[EventCountry "USA"]
[SourceVersion "1"]
[SourceVersionDate "2018.06.14"]
[SourceQuality "1"]
[WhiteTeam "UNITED STATES"]
[BlackTeam "GREECE"]
[WhiteTeamCountry "USA"]
[BlackTeamCountry "GRE"]

1. d4 Nf6 2. c4 e6 3. Nf3 b6 4. g3 Ba6 5. Qa4 Bb7 6. Bg2 c5 7. dxc5 Bxc5 8. O-O
O-O 9. Nc3 a6 10. b4 Be7 11. Bb2 a5 12. b5 Qc7 13. Qb3 Rc8 14. Na4 d5 15. cxd5
Bxd5 16. Qe3 Nbd7 17. Rfc1 Qb7 18. Nc3 Bc5 19. Qf4 e5 20. Qh4 e4 21. Nxd5 Qxd5
22. Ng5 Re8 23. Rd1 Qf5 24. e3 Ra7 25. Bh3 Qg6 26. Bxd7 Nxd7 27. Rd5 f6 28.
Rad1 Ne5 29. Qxe4 Qxg5 30. f4 Qg4 31. Kf2 f5 32. Qh1 Bxe3+ 33. Kf1 Nf7 34. Qg2
Rae7 35. h3 Qg6 36. Ba3 Re4 37. Qf3 Qe6 38. h4 Bc5 39. Bxc5 bxc5 40. R5d2 Re1+
41. Kg2 Re3 42. Qd5 Qg6 43. Kh1 Qxg3 44. Rg1 Re1 0-1

[Event "29th NATO Chess Championship"]
[Site "Lubbock"]
[Date "2018.06.05"]
[Round "3.7"]
[White "Drabke, Lorenz Maximilian"]
[Black "Oblak, Nicholas"]
[Result "1-0"]
[WhiteElo "2419"]
[BlackElo "2036"]
[PlyCount "75"]
[EventDate "2018.06.04"]
[EventType "swiss"]
[EventRounds "7"]
[EventCountry "USA"]
[SourceVersion "1"]
[SourceVersionDate "2018.06.14"]
[SourceQuality "1"]
[WhiteTeam "GERMANY"]
[BlackTeam "UNITED STATES"]
[WhiteTeamCountry "GER"]
[BlackTeamCountry "USA"]

1. e4 c5 2. Nf3 Nc6 3. Bb5 Nf6 4. Nc3 a6 5. Bxc6 dxc6 6. h3 g6 7. d3 Bg7 8. Bf4
Nd7 9. Qd2 Nf8 10. Bh6 Ne6 11. Bxg7 Nxg7 12. Qh6 Ne6 13. Ne2 Qc7 14. Nd2 Bd7
15. f4 O-O-O 16. O-O-O Nd4 17. Nxd4 cxd4 18. g4 c5 19. f5 b5 20. Qg7 e6 21.
fxg6 fxg6 22. Rhf1 Rdg8 23. Qh6 Be8 24. Rf6 c4 25. dxc4 bxc4 26. Rxe6 Rf8 27.
Qg5 Rf2 28. Qe5 Qxe5 29. Rxe5 d3 30. Rc5+ Kb7 31. Rxc4 Bb5 32. Rc3 dxc2 33.
Rxc2 Rh2 34. Nb3 Rxh3 35. Nc5+ Ka7 36. a4 Rc8 37. axb5 Kb6 38. Na4+ 1-0

[Event "29th NATO Chess Championship"]
[Site "Lubbock"]
[Date "2018.06.05"]
[Round "3.8"]
[White "Nill, Oliver"]
[Black "Sypien, Mateusz"]
[Result "1-0"]
[WhiteElo "2194"]
[BlackElo "2248"]
[PlyCount "77"]
[EventDate "2018.06.04"]
[EventType "swiss"]
[EventRounds "7"]
[EventCountry "USA"]
[SourceVersion "1"]
[SourceVersionDate "2018.06.14"]
[SourceQuality "1"]
[WhiteTeam "NATO A"]
[BlackTeam "POLAND"]
[BlackTeamCountry "POL"]

1. c4 Nf6 2. Nc3 g6 3. g3 Bg7 4. Bg2 O-O 5. e4 d6 6. Nge2 c6 7. O-O Nbd7 8. d3
a6 9. a4 a5 10. h3 e5 11. Be3 Qe7 12. f4 Nc5 13. Kh2 h5 14. f5 d5 15. cxd5 cxd5
16. Bxc5 Qxc5 17. fxg6 fxg6 18. Nxd5 Nxd5 19. Rxf8+ Qxf8 20. exd5 Qb4 21. Be4
Ra6 22. Qc2 Bd7 23. Nc3 Rf6 24. Re1 h4 25. gxh4 Bh6 26. Qg2 Bf4+ 27. Kh1 Kg7
28. Rf1 Rb6 29. Rf2 Bxa4 30. h5 g5 31. Rxf4 exf4 32. Qxg5+ Kf7 33. Bg6+ Kf8 34.
Nxa4 Qe1+ 35. Qg1 Qxg1+ 36. Kxg1 Rb4 37. Nc5 Rxb2 38. d6 Rb5 39. Ne6+ 1-0

[Event "29th NATO Chess Championship"]
[Site "Lubbock"]
[Date "2018.06.05"]
[Round "3.9"]
[White "Cichy, Kamil"]
[Black "Sauer, Marko"]
[Result "0-1"]
[WhiteElo "2094"]
[BlackElo "2119"]
[PlyCount "108"]
[EventDate "2018.06.04"]
[EventType "swiss"]
[EventRounds "7"]
[EventCountry "USA"]
[SourceVersion "1"]
[SourceVersionDate "2018.06.14"]
[SourceQuality "1"]
[WhiteTeam "POLAND"]
[BlackTeam "GERMANY"]
[WhiteTeamCountry "POL"]
[BlackTeamCountry "GER"]

1. e4 c5 2. Nf3 e6 3. c4 Nc6 4. Nc3 d6 5. d4 cxd4 6. Nxd4 Nge7 7. Nc2 Ng6 8.
Be2 Be7 9. O-O O-O 10. Be3 a6 11. f4 Bf6 12. Na4 Rb8 13. Bb6 Qd7 14. Qd2 e5 15.
f5 Nf4 16. Nc3 Bg5 17. Qe1 Ne7 18. g3 Qc6 19. Ba7 Nxe2+ 20. Qxe2 Ra8 21. Be3
Bxe3+ 22. Nxe3 Qc5 23. Kg2 b5 24. cxb5 axb5 25. f6 gxf6 26. Ncd5 Nxd5 27. Nxd5
f5 28. Qh5 f6 29. Rac1 Qd4 30. Ne7+ Kg7 31. Nxf5+ Bxf5 32. Rc7+ Kh8 33. exf5
Qd5+ 34. Rf3 Qg8 35. a3 Rac8 36. Rfc3 Rxc7 37. Rxc7 d5 38. Qh6 Rf7 39. Rc6 Qd8
40. Qh5 Qe8 41. Qh6 Qd8 42. Re6 d4 43. Qh5 Kg8 44. Qg4+ Kf8 45. Qe2 d3 46. Qd2
Kg7 47. Kf3 Qd5+ 48. Ke3 Qc5+ 49. Kf3 Rd7 50. g4 Rd4 51. Kg3 Rf4 52. Qe1 d2 53.
Qxd2 Qg1+ 54. Qg2 Rxg4+ 0-1

[Event "29th NATO Chess Championship"]
[Site "Lubbock"]
[Date "2018.06.05"]
[Round "3.10"]
[White "Aagaard, Gert"]
[Black "Mestek, Igor"]
[Result "0-1"]
[WhiteElo "2042"]
[BlackElo "2099"]
[PlyCount "48"]
[EventDate "2018.06.04"]
[EventType "swiss"]
[EventRounds "7"]
[EventCountry "USA"]
[SourceVersion "1"]
[SourceVersionDate "2018.06.14"]
[SourceQuality "1"]
[WhiteTeam "DENMARK"]
[BlackTeam "SLOVENIA"]
[WhiteTeamCountry "DEN"]
[BlackTeamCountry "SLO"]

1. d4 d5 2. c4 dxc4 3. e3 Be6 4. Nc3 c6 5. Nf3 Nf6 6. a4 g6 7. Ne5 Bg7 8. Nxc4
O-O 9. Be2 c5 10. dxc5 Qxd1+ 11. Nxd1 Na6 12. c6 bxc6 13. Bd2 Ne4 14. Ba5 Nac5
15. Ra3 Rfc8 16. Nd2 Nxd2 17. Bxd2 Rab8 18. Bc3 Bxc3+ 19. bxc3 a5 20. O-O Rb1
21. f3 Rd8 22. e4 Rd2 23. Kf2 Bc4 24. Re1 Bxe2 0-1

[Event "29th NATO Chess Championship"]
[Site "Lubbock"]
[Date "2018.06.05"]
[Round "3.11"]
[White "Pedersen, Finn"]
[Black "Coulon, Dominic"]
[Result "1-0"]
[WhiteElo "2302"]
[BlackElo "1679"]
[PlyCount "63"]
[EventDate "2018.06.04"]
[EventType "swiss"]
[EventRounds "7"]
[EventCountry "USA"]
[SourceVersion "1"]
[SourceVersionDate "2018.06.14"]
[SourceQuality "1"]
[WhiteTeam "DENMARK"]
[BlackTeam "CANADA"]
[WhiteTeamCountry "DEN"]
[BlackTeamCountry "CAN"]

1. Nf3 d5 2. d4 Nf6 3. c4 Bf5 4. Qb3 b6 5. e3 e6 6. Nc3 c6 7. Nh4 Bg6 8. Nxg6
hxg6 9. g3 Ne4 10. Nxe4 dxe4 11. Bg2 f5 12. f3 Qc7 13. f4 Nd7 14. Bd2 Nf6 15.
O-O-O Ng4 16. Be1 Rxh2 17. Rxh2 Nxh2 18. Bh3 Nf3 19. g4 Nxe1 20. Rxe1 Qe7 21.
gxf5 gxf5 22. Bf1 Qb4 23. Qd1 O-O-O 24. a3 Qa5 25. Re2 Be7 26. Rg2 Bf6 27. Kb1
e5 28. fxe5 Bxe5 29. Ka2 c5 30. Qh5 cxd4 31. Qxf5+ Kc7 32. b4 1-0

[Event "29th NATO Chess Championship"]
[Site "Lubbock"]
[Date "2018.06.05"]
[Round "3.12"]
[White "Sycz, Dariusz"]
[Black "Cirkvencic, Franci"]
[Result "0-1"]
[WhiteElo "2222"]
[BlackElo "2026"]
[PlyCount "82"]
[EventDate "2018.06.04"]
[EventType "swiss"]
[EventRounds "7"]
[EventCountry "USA"]
[SourceVersion "1"]
[SourceVersionDate "2018.06.14"]
[SourceQuality "1"]
[WhiteTeam "POLAND"]
[BlackTeam "SLOVENIA"]
[WhiteTeamCountry "POL"]
[BlackTeamCountry "SLO"]

1. d4 Nf6 2. Nf3 e6 3. c4 d5 4. Nc3 c6 5. e3 Nbd7 6. Bd3 Bd6 7. O-O O-O 8. e4
dxe4 9. Nxe4 Nxe4 10. Bxe4 Nf6 11. Bc2 Re8 12. Bg5 Be7 13. Qd3 g6 14. Rad1 Nd5
15. cxd5 Bxg5 16. dxc6 bxc6 17. Ba4 Bb7 18. Qe4 Rc8 19. Ne5 Qd5 20. Qg4 Bf6 21.
Qf4 Kg7 22. Bb3 Qd6 23. Qh6+ Kg8 24. Nxf7 Kxf7 25. Qxh7+ Bg7 26. Rd3 c5 27. d5
Qe5 28. dxe6+ Kf6 29. Rd7 Re7 30. Qh4+ g5 31. Qg4 Qf4 32. Qg3 Rxd7 33. exd7 Rd8
34. Qd3 Qd4 35. Qb5 Rxd7 36. Re1 Bf8 37. h3 Kg7 38. Re6 Qd2 39. Re2 Qc1+ 40.
Kh2 Bd6+ 41. g3 Qh1# 0-1